| 000 | 00359nam a2200145Ia 4500 | ||
|---|---|---|---|
| 008 | 191201s1998 xx 000 0 und d | ||
| 082 |
_a620.11 _bMUM |
||
| 100 | _aMURLIDHAR, M K | ||
| 245 | 0 | _aMaterials Science and Processes | |
| 250 | _a1st | ||
| 260 |
_aN.Delhi _bDhanpat Rai Pub (P) Ltd _c1998 |
||
| 300 | _a374 | ||
| 650 | _aB.Tech(ME) | ||
| 942 |
_2ddc _cBK |
||
| 999 |
_c1904 _d1904 |
||